| 000 | 00327nam a2200121Ia 4500 | ||
|---|---|---|---|
| 008 | 150202s9999 xx 000 0 und d | ||
| 050 |
_aFIC _bFIC |
||
| 100 | _aHogan, James P. | ||
| 245 |
_aMirror maze / _cJames P. Hogan. |
||
| 260 |
_aNew York : _bBantam Books, _c1992. |
||
| 300 |
_a439 pages : _c18 cm. |
||
| 650 | _aFiction. | ||
| 999 |
_c282100 _d282100 |
||